Văn hóa nghệ thuật cũng là một mặt trận
Tập văn bản gốc bao gồm những bài báo, đoạn văn, bài nói, thư từ, kể cả những sắc lệnh, chỉ thị của Hồ Chí Minh về văn hoá, văn nghệ, báo chí, ... từ những năm 20 của thế kỷ này đến khi Bác qua đời
Na minha lista:
| Autor principal: | |
|---|---|
| Formato: | Livro |
| Idioma: | Vietnamese |
| Publicado em: |
H.
Văn học
1981
|
| Assuntos: | |
| Tags: |
Adicionar Tag
Sem tags, seja o primeiro a adicionar uma tag!
|
| Thư viện lưu trữ: | Mạng thư viện Đại học Đà Nẵng |
|---|
| LEADER | 01421nam a22003618a 4500 | ||
|---|---|---|---|
| 001 | 000007564 | ||
| 003 | 3727 | ||
| 005 | 20120605160605.0 | ||
| 008 | 111006s1981 b 000 0 vieod | ||
| 020 | |c 9000đ |d 10200b | ||
| 041 | 0 | |a vie | |
| 082 | |a 335.501 |b HÔ-M | ||
| 084 | |a A |b V115H | ||
| 100 | 1 | |a Hồ Chí Minh | |
| 245 | 1 | 0 | |a Văn hóa nghệ thuật cũng là một mặt trận |c Hồ Chí Minh |
| 260 | |a H. |b Văn học |c 1981 | ||
| 300 | |a 528tr : ảnh chân dung |c 20cm | ||
| 520 | |a Tập văn bản gốc bao gồm những bài báo, đoạn văn, bài nói, thư từ, kể cả những sắc lệnh, chỉ thị của Hồ Chí Minh về văn hoá, văn nghệ, báo chí, ... từ những năm 20 của thế kỷ này đến khi Bác qua đời | ||
| 653 | |a Văn hoá | ||
| 653 | |a nghệ thuật | ||
| 653 | |a chủ nghĩa Mác Lê nin | ||
| 653 | |a Đảng cộng sản Việt Nam | ||
| 910 | |a Nguyễn Thị Kim Oanh |d 06/10/2011 | ||
| OWN | |a LSP | ||
| AVA | |a UDN50 |b LSP |d 335.501 HÔ-M |e available |t Error 5001 Not defined in file expand_doc_bib_avail. |f 2 |g 1 |h N |i 0 |k 1 | ||
| 999 | |a From the UDN01 | ||
| AVA | |a UDN50 |b LSP |d 335.501 HÔ-M |e available |t Error 5001 Not defined in file expand_doc_bib_avail. |f 2 |g 1 |h N |i 0 |k 1 | ||
| TYP | |a Monograph | ||
| TYP | |a Printed language | ||
| 980 | |a Mạng thư viện Đại học Đà Nẵng | ||